000 00489nam a2200181Ia 4500
005 20250326125943.0
008 250326s9999 xx 000 0 und d
037 _aTextbook
040 _aFMSL
_beng
_cFMSL
041 _aeng
_2eng
084 _aX8 N5
_qFMSL
100 _aVaid K N
245 0 _aIndustrial production in India
_cVaid K N; Ludhera K K
260 _aNew Delhi
_bNew Delhi, S R C I R
_c1965
300 _a24p
942 _cTB
_hX8 N5
999 _c1280315
_d1280315